| 000 | 00957nam a22002774a 4500 | ||
|---|---|---|---|
| 001 | 3577561 | ||
| 003 | OSt | ||
| 005 | 20210310115237.0 | ||
| 008 | 990203s1998 ck a b 000 0 spa | ||
| 010 | _a 99169076 | ||
| 020 | _a9589580556 | ||
| 040 |
_aDLC _cCO-JMCR |
||
| 041 | 1 |
_aspa _beng |
|
| 082 | 0 | 4 |
_a578.7741 / _bE746c _223 |
| 100 | 1 |
_aEscobar Meyer, Marlene, _eautora _914653 |
|
| 245 | 0 | 0 |
_aColombia : _bpatria de tres mares / _cMarlene Escobar Meyer ; traducción al inglés, Andrew Reid |
| 250 | _aPrimera edición | ||
| 260 |
_aBogotá : _bDiego Samper, _c1998 |
||
| 300 |
_a240 páginas : _bilustraciones, mapas y fotografías a color y blanco y negro ; _c34 cm. |
||
| 504 | _aBibliografía : páginas 228-231. | ||
| 505 | 0 | _aCaribe -- Pacífico -- Amazonas y Orinoquia | |
| 650 | 1 | 4 |
_aBiología Marina _zColombia. _914654 |
| 650 | 2 | 4 |
_aEcosistemas _zColombia _914655 |
| 700 | 1 |
_aReid, Andrew, _etraductor _914656 |
|
| 942 |
_2ddc _cBK |
||
| 999 |
_c7520 _d7520 |
||